Najlepsi strzelcy ekstraklasy w sezonie 24/25 - Statystyki

Ogólne statystyki
  • Ten quiz został rozwiązany 13 razy
  • Średni wynik to 7 z 24
Statystyki odpowiedzi
Litera Piłkarz Liczba goli % Poprawnych
I Mikael Ishak 21
100%
K Efthymios Koulouris 28
75%
P Afimico Pululu 10
67%
G Marc Gual 9
50%
S Afonso Sousa 13
33%
A Fran Alvarez/Assad Al-Hamlawi 7
33%
R Leonardo Rocha 12
33%
M Samuel Mraz 16
33%
D Adrian Dalmau 10
25%
V Bogdan Viunnyk 7
25%
E Bright Ede 1
25%
U Fredrik Ulvestad 6
25%
B Jonatan Braut Brunes 14
25%
Z Luka Zahovic 8
25%
T Anton Tsarenko 2
17%
O Davíd Kristján Ólafsson 4
17%
F Jorge Felix 7
17%
W Piotr Wlazło 10
17%
Y Roman Yakuba 3
17%
H Dino Hotic 5
8%
C Michał Chrapek/Piotr Ceglarz/Capita 6
8%
J Arkadiusz Jędrych 4
0%
L Ivi Lopez 8
0%
N Pedro Nuno 5
0%
Nie znaleziono quizów pasujących do podanych kryteriów
Rozkład punktacji
Procent ludzi z każdym wynikiem
Percentyl według liczby udzielonych odpowiedzi
Twoja historia wyników
Nie rozwiązałeś tego quizu